[Event "VIII Festival A"]
[Site "Porto San Giorgio ITA"]
[Date "1996.08.20"]
[Round "1"]
[White "Garofalo, Pietro"]
[Black "Naumkin, Igor"]
[Result "0-1"]
[WhiteElo "2125"]
[BlackElo "2430"]
[PlyCount "84"]
[EventDate "1996.08.20"]

1. c4 e5 2. Nc3 Nf6 3. Nf3 Nc6 4. e4 Bc5 5. Nxe5 Nxe5 6. d4 Bb4 7. dxe5 Nxe4 8.
Qd4 Nxc3 9. bxc3 Be7 10. Qg4 Kf8 11. Be2 d6 12. Qe4 dxe5 13. Qxe5 Bf6 14. Ba3+
Kg8 15. Qe3 Bf5 16. O-O Qe8 17. Qf3 Be4 18. Qg3 Qe5 19. Rad1 Qxc3 20. Qxc3 Bxc3
21. Rd7 Rc8 22. Rfd1 h6 23. Bf3 Bxf3 24. gxf3 g5 25. Bc5 b6 26. Bd4 Bxd4 27.
R1xd4 Kg7 28. Re4 Rhd8 29. Rxd8 Rxd8 30. Re7 Rc8 31. f4 Kf6 32. Rd7 Ke6 33. Rd5
Rg8 34. f5+ Ke7 35. Kg2 h5 36. Kf3 Rc8 37. a4 c6 38. Rd4 a6 39. Rd2 b5 40. axb5
cxb5 41. cxb5 axb5 42. Rb2 Rc5 0-1

[Event "VIII Festival A"]
[Site "Porto San Giorgio ITA"]
[Date "1996.08.20"]
[Round "1"]
[White "Giaccio, Alfredo Gustavo"]
[Black "Scavo, Fernando"]
[Result "1-0"]
[WhiteElo "2465"]
[BlackElo "2165"]
[PlyCount "81"]
[EventDate "1996.08.20"]

1. e4 e6 2. d4 d5 3. Nc3 Bb4 4. e5 c5 5. a3 Bxc3+ 6. bxc3 Ne7 7. Nf3 b6 8. Bb5+
Bd7 9. Bd3 c4 10. Be2 Ba4 11. h4 h6 12. h5 Kd7 13. g3 Qg8 14. Bf4 Qh7 15. Ra2
Nbc6 16. Kf1 Rhf8 17. Nh2 f6 18. Ng4 fxe5 19. Bxe5 b5 20. Kg2 Rf7 21. Qd2 Raf8
22. f4 Nf5 23. Rb2 Rc8 24. Rh3 g6 25. hxg6 Qxg6 26. Nh2 Rg8 27. Bh5 Nh4+ 28.
Kf2 Qxh5 29. Rxh4 Qg6 30. Rg4 Qh7 31. Qe2 h5 32. Rxg8 Qxg8 33. Nf3 Qg4 34. Rb1
Ne7 35. Bd6 Ng6 36. Ng5 Qxe2+ 37. Kxe2 Rf6 38. Be5 Nxe5 39. dxe5 Rh6 40. Kd2 h4
41. Rh1 1-0

[Event "VIII Festival A"]
[Site "Porto San Giorgio ITA"]
[Date "1996.08.20"]
[Round "1"]
[White "Lagumina, Giulio"]
[Black "Galioto, Giovanni"]
[Result "1-0"]
[WhiteElo "2260"]
[BlackElo "1852"]
[PlyCount "65"]
[EventDate "1996.08.20"]

1. e4 c5 2. Nf3 d6 3. d4 cxd4 4. Qxd4 Nc6 5. Bb5 Bd7 6. Bxc6 Bxc6 7. Nc3 Nf6 8.
Bg5 e6 9. O-O-O Be7 10. Qd3 Qa5 11. h4 h6 12. Bxf6 Bxf6 13. Nd4 O-O 14. f4 e5
15. Nb3 Qb4 16. f5 Rfd8 17. a3 Qb6 18. g4 a5 19. Qg3 Be7 20. g5 Kh7 21. Rhg1
Rg8 22. Nd2 Qc7 23. Nc4 b5 24. g6+ fxg6 25. Qxg6+ Kh8 26. Nxd6 Bxd6 27. Rxd6
Be8 28. Qe6 Ra7 29. Qxe5 Kh7 30. Nd5 Qc4 31. b3 Qe2 32. Rxh6+ Kxh6 33. Qe6+ 1-0

[Event "VIII Festival A"]
[Site "Porto San Giorgio ITA"]
[Date "1996.08.20"]
[Round "1"]
[White "Marchini, Massimo"]
[Black "Drasko, Milan"]
[Result "0-1"]
[WhiteElo "2185"]
[BlackElo "2500"]
[PlyCount "120"]
[EventDate "1996.08.20"]

1. Nf3 d5 2. d4 Nf6 3. c4 dxc4 4. Nc3 Bf5 5. Qa4+ c6 6. Qxc4 e6 7. a4 a5 8. g3
Bb4 9. Bg2 Qd5 10. Qa2 Qxa2 11. Rxa2 Nbd7 12. O-O h6 13. Nd2 Bc2 14. Nd1 O-O-O
15. Ne3 Bg6 16. Nec4 e5 17. dxe5 Nxe5 18. Nxe5 Bxd2 19. Nxg6 fxg6 20. b3 Bxc1
21. Rxc1 Rd4 22. h3 Rhd8 23. Rc3 Rd1+ 24. Kh2 R8d2 25. Rxd2 Rxd2 26. Re3 Kd7
27. g4 g5 28. Kg3 Kd6 29. f4 gxf4+ 30. Kxf4 Rd5 31. h4 Rd4+ 32. Kf5 Rxg4 33.
Re6+ Kc5 34. Bxc6 bxc6 35. Rxf6 Rxh4 36. Rg6 Rh5+ 37. Kf4 Rg5 38. Rxg5+ hxg5+
39. Kxg5 Kd4 40. Kf4 g6 41. e3+ Kd3 42. b4 axb4 43. a5 b3 44. a6 b2 45. a7 b1=Q
46. a8=Q Qf1+ 47. Kg5 Qf5+ 48. Kh6 Qe4 49. Qa3+ Ke2 50. Kg7 g5 51. Qb2+ Kxe3
52. Qc1+ Kd4 53. Qd2+ Kc4 54. Qxg5 c5 55. Qc1+ Kd5 56. Kf7 c4 57. Qd2+ Kc6 58.
Qb4 Qd5+ 59. Kg7 Qd7+ 60. Kg8 Qc8+ 0-1

[Event "VIII Festival A"]
[Site "Porto San Giorgio ITA"]
[Date "1996.08.20"]
[Round "1"]
[White "Moroder, Thomas"]
[Black "Zlochevskij, Alexander"]
[Result "0-1"]
[WhiteElo "2070"]
[BlackElo "2415"]
[PlyCount "100"]
[EventDate "1996.08.20"]

1. Nf3 g6 2. c4 Bg7 3. Nc3 e5 4. g3 Ne7 5. Bg2 O-O 6. O-O f5 7. d3 h6 8. Bd2 c6
9. b4 d5 10. cxd5 cxd5 11. Rc1 Be6 12. d4 e4 13. Ne5 Nd7 14. Nb5 Nxe5 15. Nc7
Bd7 16. dxe5 Rc8 17. e6 Rxc7 18. Rxc7 Qxc7 19. Bf4 Qc6 20. exd7 Qxd7 21. Qb3
Rc8 22. Rc1 Rxc1+ 23. Bxc1 Qb5 24. Be3 Nc6 25. Bc5 Qc4 26. e3 Qxb3 27. axb3 b5
28. f3 Bc3 29. fxe4 dxe4 30. Bf1 a6 31. g4 Kf7 32. gxf5 gxf5 33. Kf2 Bxb4 34.
Bb6 Ba5 35. Bc5 Bc7 36. h3 Na5 37. b4 Nc4 38. Be2 Bd8 39. Bh5+ Ke6 40. Bf8 Bg5
41. Bc5 Be7 42. Bd4 Bxb4 43. Bg7 a5 44. Bxh6 Bc3 45. Bf8 b4 46. Bd1 Nd2 47. Ke2
b3 48. Ba3 a4 49. h4 Nb1 50. Bf8 Bf6 0-1

[Event "VIII Festival A"]
[Site "Porto San Giorgio ITA"]
[Date "1996.08.20"]
[Round "1"]
[White "Parrella, Alfredo"]
[Black "Godena, Michele"]
[Result "1/2-1/2"]
[WhiteElo "2200"]
[BlackElo "2550"]
[PlyCount "85"]
[EventDate "1996.08.20"]

1. d4 d5 2. c4 e6 3. Nc3 Bb4 4. e3 Ne7 5. Nf3 c5 6. a3 Bxc3+ 7. bxc3 Qc7 8.
cxd5 exd5 9. Be2 O-O 10. O-O Bf5 11. dxc5 Qxc5 12. Qd4 Rc8 13. Bd2 Nd7 14. Rfc1
Nb6 15. Qxc5 Rxc5 16. c4 dxc4 17. Bb4 Rc7 18. Nd4 Bg6 19. Bxe7 Rxe7 20. Bxc4
Rc8 21. Bf1 Kf8 22. g3 Be4 23. Nb5 a6 24. Nd6 Rxc1 25. Rxc1 Bf3 26. Nf5 Rd7 27.
Nd4 Be4 28. Bg2 Bxg2 29. Kxg2 g6 30. h4 Ke7 31. Kf3 h5 32. Ke2 Kd6 33. Kd3 Rc7
34. Rxc7 Kxc7 35. Nf3 Kd6 36. Kd4 Nd7 37. Nd2 b5 38. Ne4+ Kc6 39. Ng5 f6 40.
Ne6 Kd6 41. Nf4 Nf8 42. Kc3 a5 43. f3 1/2-1/2

[Event "VIII Festival A"]
[Site "Porto San Giorgio ITA"]
[Date "1996.08.20"]
[Round "1"]
[White "Passoni, Carlo"]
[Black "Sedina, Elena"]
[Result "0-1"]
[WhiteElo "2200"]
[BlackElo "2345"]
[PlyCount "50"]
[EventDate "1996.08.20"]

1. e4 Nf6 2. e5 Nd5 3. d4 d6 4. Nf3 Bg4 5. Be2 c6 6. c4 Nb6 7. exd6 exd6 8. O-O
Be7 9. Nbd2 O-O 10. Re1 Na6 11. a4 Nc7 12. a5 Nd7 13. Nf1 d5 14. c5 Bf6 15. Be3
Re8 16. N1d2 Nf8 17. Qb3 Qc8 18. Bd3 Bh5 19. Bf4 Nfe6 20. Bf5 Bg6 21. Bh3 Nb5
22. Bxe6 Rxe6 23. Rxe6 Qxe6 24. Qe3 Re8 25. Re1 Nxd4 0-1

[Event "VIII Festival A"]
[Site "Porto San Giorgio ITA"]
[Date "1996.08.20"]
[Round "1"]
[White "Radice, Luca"]
[Black "Bruno, Fabio"]
[Result "1-0"]
[WhiteElo "1932"]
[BlackElo "2260"]
[PlyCount "61"]
[EventDate "1996.08.20"]

1. d4 Nf6 2. c4 e6 3. Nc3 Bb4 4. Qb3 c5 5. dxc5 Qa5 6. Bd2 Nc6 7. Nf3 a6 8. e3
Bxc5 9. Be2 Qc7 10. Rc1 b6 11. Qc2 Bb7 12. a3 Ne5 13. b4 Be7 14. Qb3 Rc8 15.
Nxe5 Qxe5 16. f4 Qc7 17. O-O h5 18. Qb1 g5 19. e4 Ng4 20. Qd3 Bf6 21. h3 gxf4
22. hxg4 f3 23. Qxf3 Bd4+ 24. Be3 Bxe3+ 25. Qxe3 hxg4 26. Qf4 d6 27. Rcd1 Rd8
28. Qf6 Rg8 29. Qf4 Qe7 30. Bxg4 Rd7 31. Rd2 1-0

[Event "VIII Festival A"]
[Site "Porto San Giorgio ITA"]
[Date "1996.08.20"]
[Round "1"]
[White "Rotstein, Arkadij"]
[Black "Piantoni, Roberto"]
[Result "1-0"]
[WhiteElo "2475"]
[BlackElo "2180"]
[PlyCount "47"]
[EventDate "1996.08.20"]

1. e4 e6 2. Qe2 c5 3. f4 Nc6 4. Nf3 Nge7 5. g3 d5 6. d3 g6 7. Bg2 Bg7 8. O-O
dxe4 9. dxe4 e5 10. c3 O-O 11. Na3 b6 12. fxe5 Nxe5 13. Nxe5 Bxe5 14. Bh6 Bg7
15. Bxg7 Kxg7 16. e5 Rb8 17. Rad1 Qe8 18. Nc4 Ba6 19. e6 Nf5 20. Qe5+ Kg8 21.
Bd5 f6 22. e7+ Rf7 23. Bxf7+ Kxf7 24. Rxf5 1-0

[Event "VIII Festival A"]
[Site "Porto San Giorgio ITA"]
[Date "1996.08.20"]
[Round "1"]
[White "Sermek, Drazen"]
[Black "Gueci, Riccardo"]
[Result "1-0"]
[WhiteElo "2550"]
[BlackElo "2190"]
[PlyCount "41"]
[EventDate "1996.08.20"]

1. e4 d6 2. d4 e5 3. Nf3 Nd7 4. Bc4 Be7 5. dxe5 Nb6 6. Bb3 Bg4 7. Nc3 Qd7 8.
Bf4 O-O-O 9. h3 Bh5 10. g4 Bg6 11. Qe2 dxe5 12. Nxe5 Qe8 13. Nb5 Bd6 14. Nxg6
hxg6 15. e5 Bc5 16. e6 Nf6 17. Bxc7 Bxf2+ 18. Kxf2 Rd2 19. Nd6+ Kxc7 20. Nxe8+
Rxe8 21. Qxd2 1-0

[Event "VIII Festival A"]
[Site "Porto San Giorgio ITA"]
[Date "1996.08.20"]
[Round "1"]
[White "Stoll, Thomas"]
[Black "Khenkin, Igor"]
[Result "0-1"]
[WhiteElo "2215"]
[BlackElo "2575"]
[PlyCount "82"]
[EventDate "1996.08.20"]

1. d4 d5 2. c4 c6 3. cxd5 cxd5 4. Nc3 e5 5. e4 dxe4 6. dxe5 Qxd1+ 7. Kxd1 Nc6
8. Nxe4 Bf5 9. Nd6+ Bxd6 10. exd6 O-O-O 11. Bf4 Nf6 12. f3 Nh5 13. Be3 Rhe8 14.
Ke2 Nd4+ 15. Kf2 Nc2 16. Rc1 Rxd6 17. g4 Rxe3 18. Rxc2+ Bxc2 19. Kxe3 Nf6 20.
Bc4 Nd5+ 21. Kf2 Bg6 22. Ne2 Nb6 23. Rc1 Kb8 24. Ke3 Nxc4+ 25. Rxc4 Rd3+ 26.
Kf2 Rd2 27. Rb4 a5 28. Rb3 Bc2 29. Re3 Bb1 30. Ke1 Rxb2 31. Rb3 Rxb3 32. axb3
Kc7 33. Kd2 Kd6 34. Kc3 Ke5 35. Kd2 g5 36. Ke3 Bc2 37. Nc1 Bd1 38. Nd3+ Kd5 39.
Nc1 Kc5 40. Ke4 Kb4 41. Kf5 Bxb3 0-1

[Event "VIII Festival A"]
[Site "Porto San Giorgio ITA"]
[Date "1996.08.20"]
[Round "1"]
[White "Ventura, Sergio"]
[Black "Barlov, Dragan"]
[Result "0-1"]
[WhiteElo "2165"]
[BlackElo "2455"]
[PlyCount "70"]
[EventDate "1996.08.20"]

1. Nf3 g6 2. c3 Bg7 3. e4 c5 4. g3 d5 5. Bg2 dxe4 6. Ng5 Nf6 7. O-O O-O 8. Nxe4
Nxe4 9. Bxe4 Nc6 10. d3 Qc7 11. Re1 e5 12. Be3 b6 13. Qf3 Bb7 14. Qg2 f5 15.
Bd5+ Kh8 16. f4 Rad8 17. c4 Rxd5 18. cxd5 Nb4 19. Nc3 Nxd3 20. Red1 e4 21. Qc2
c4 22. Rxd3 cxd3 23. Qa4 a6 24. Rc1 Qd6 25. Qb3 b5 26. a3 Rc8 27. Kf2 h6 28. h3
Kh7 29. g4 Rc4 30. gxf5 Bd4 31. fxg6+ Kxg6 32. Rg1+ Kh7 33. Rg4 Bxe3+ 34. Kxe3
Qc5+ 35. Kd2 Qf2+ 0-1

[Event "VIII Festival A"]
[Site "Porto San Giorgio ITA"]
[Date "1995.08.21"]
[Round "2"]
[White "Barlov, Dragan"]
[Black "Saldano Dayer, Horacio"]
[Result "1/2-1/2"]
[WhiteElo "2455"]
[BlackElo "2325"]
[PlyCount "92"]
[EventDate "1996.08.20"]

1. d4 f5 2. c4 Nf6 3. Nc3 g6 4. Bg5 Bg7 5. e3 c5 6. Nf3 Ne4 7. Bf4 Nc6 8. Rc1
d6 9. d5 Nxc3 10. bxc3 Ne5 11. Be2 O-O 12. Bg3 e6 13. Nd2 exd5 14. cxd5 a6 15.
O-O g5 16. f4 gxf4 17. exf4 Ng4 18. Bxg4 fxg4 19. Ne4 Bf5 20. Ng5 Qd7 21. Re1
Rae8 22. Ne6 Rf7 23. Nxg7 Rxg7 24. Bh4 Rf7 25. Rxe8+ Qxe8 26. Qd2 Qe4 27. Re1
Qd3 28. Qxd3 Bxd3 29. Be7 Rxf4 30. Bxd6 Rf5 31. Be5 Bc4 32. d6 Be6 33. a3 Kf7
34. Re3 Ke8 35. h3 h5 36. hxg4 hxg4 37. Kh2 Kd7 38. Kg3 Rf1 39. Bf4 Rd1 40. Kh4
Rh1+ 41. Kg5 Rh7 42. Re1 Rg7+ 43. Kh6 Rg8 44. g3 Re8 45. Kg5 Kc6 46. Kf6 Bd7
1/2-1/2

[Event "VIII Festival A"]
[Site "Porto San Giorgio ITA"]
[Date "1995.08.21"]
[Round "2"]
[White "Bonanzinga, Corrado"]
[Black "Vancini, Edoardo"]
[Result "1-0"]
[WhiteElo "2007"]
[BlackElo "2265"]
[PlyCount "87"]
[EventDate "1996.08.20"]

1. e4 c5 2. Nf3 e6 3. d4 cxd4 4. Nxd4 Nc6 5. Nb5 d6 6. c4 Nf6 7. N1c3 a6 8. Na3
Be7 9. Be2 b6 10. O-O Ne5 11. f3 O-O 12. Be3 Bb7 13. Qb3 Ned7 14. Rfd1 Qc7 15.
Rac1 Rac8 16. Nab1 Qb8 17. a4 Bd8 18. Nd2 Bc7 19. Nf1 Kh8 20. Qa3 Rg8 21. b4 g5
22. Qb2 Rg6 23. Rb1 Rcg8 24. c5 R8g7 25. cxb6 Nxb6 26. a5 Nbd7 27. b5 Qc8 28.
Rdc1 g4 29. bxa6 Bxa6 30. f4 Nc5 31. e5 Nfd7 32. exd6 Bxd6 33. Ne4 Bxe2 34.
Nxd6 Qc6 35. Ne8 Bxf1 36. Kxf1 Qa6+ 37. Qb5 Rg8 38. Bd4+ e5 39. fxe5 Rxe8 40.
e6+ Kg8 41. Qxa6 Nxa6 42. exd7 Rf8 43. Bb6 Rd6 44. Rd1 1-0

[Event "VIII Festival A"]
[Site "Porto San Giorgio ITA"]
[Date "1995.08.21"]
[Round "2"]
[White "Gueci, Riccardo"]
[Black "Bruno, Fabio"]
[Result "0-1"]
[WhiteElo "2190"]
[BlackElo "2260"]
[PlyCount "108"]
[EventDate "1996.08.20"]

1. e4 c5 2. Nf3 e6 3. c3 Nf6 4. e5 Nd5 5. d4 cxd4 6. cxd4 d6 7. Bc4 Nc7 8. Qe2
b5 9. Bd3 Bb7 10. O-O a6 11. Rd1 Nd5 12. Bd2 Nd7 13. Nc3 dxe5 14. dxe5 Nc5 15.
Bb1 Qb6 16. Ne4 h6 17. h3 Be7 18. Nh2 Rd8 19. Bc2 Qc6 20. Nxc5 Bxc5 21. Be4 Qb6
22. Qg4 Ne7 23. Bxb7 Qxb7 24. Ba5 Rxd1+ 25. Rxd1 O-O 26. Bb4 Bxb4 27. Qxb4 Nd5
28. Qd4 Rc8 29. Nf3 Rc4 30. Qd2 Qc7 31. a3 Kf8 32. g3 Kg8 33. Qd3 g6 34. h4 Kg7
35. Rd2 Rc1+ 36. Rd1 Qc4 37. Kg2 Rxd1 38. Qxd1 Qg4 39. Kh2 g5 40. hxg5 hxg5 41.
Qd3 Qh5+ 42. Kg1 g4 43. Nh2 Qxe5 44. Nxg4 Qxb2 45. f4 Qc3 46. Ne5 Qe1+ 47. Kg2
Ne3+ 48. Kf3 Nf5 49. Kg4 Qh1 50. Nxf7 Kxf7 51. Qd7+ Ne7 52. a4 b4 53. a5 b3 54.
Qd3 b2 0-1

[Event "VIII Festival A"]
[Site "Porto San Giorgio ITA"]
[Date "1995.08.21"]
[Round "2"]
[White "La Gatta, Giovanni"]
[Black "Farina, Saverio"]
[Result "1/2-1/2"]
[WhiteElo "2070"]
[BlackElo "2210"]
[PlyCount "130"]
[EventDate "1996.08.20"]

1. d4 d5 2. c4 e6 3. Nc3 c5 4. cxd5 exd5 5. Nf3 Nc6 6. g3 Nf6 7. Bg2 Be7 8. O-O
O-O 9. Bg5 Be6 10. Rc1 cxd4 11. Nxd4 h6 12. Bf4 Qd7 13. Nxc6 bxc6 14. Na4 Bh3
15. Be5 Bxg2 16. Kxg2 Ne4 17. f3 Ng5 18. Bd4 Bd6 19. Bf2 Rfe8 20. Qd3 h5 21.
Kh1 Qh3 22. Rg1 h4 23. Rxc6 Rad8 24. Rc2 Ne6 25. f4 hxg3 26. Bxg3 Nxf4 27. Bxf4
Qxd3 28. exd3 Bxf4 29. d4 Be3 30. Rd1 Re4 31. Rc7 Bxd4 32. Nc3 Rh4 33. Kg2
Rxh2+ 34. Kxh2 Be5+ 35. Kg2 Bxc7 36. Rxd5 Rxd5 37. Nxd5 Bb6 38. b4 Kf8 39. a4
Ke8 40. Kf3 Kd7 41. Ke4 Kd6 42. Nc3 a6 43. Kf5 Bd4 44. Ne4+ Kd5 45. Ng5 g6+ 46.
Kf4 f5 47. Nf3 Bf6 48. Ng1 Kd4 49. Ne2+ Kd5 50. b5 axb5 51. axb5 Bd8 52. b6 Ke6
53. b7 g5+ 54. Kf3 g4+ 55. Ke3 Bc7 56. Nd4+ Kf6 57. Nc6 Kg5 58. b8=Q Bxb8 59.
Nxb8 f4+ 60. Kf2 g3+ 61. Kf3 Kh4 62. Nc6 Kh3 63. Nd4 g2 64. Kf2 Kh2 65. Nf3+
Kh1 1/2-1/2

[Event "VIII Festival A"]
[Site "Porto San Giorgio ITA"]
[Date "1995.08.21"]
[Round "2"]
[White "Ljubisavljevic, Zivojin Z."]
[Black "Mazzotti, Carlo"]
[Result "0-1"]
[WhiteElo "2275"]
[BlackElo "1946"]
[PlyCount "68"]
[EventDate "1996.08.20"]

1. e4 e6 2. d4 d5 3. Nd2 Nf6 4. e5 Nfd7 5. Bd3 c5 6. c3 Nc6 7. Ne2 cxd4 8. cxd4
f6 9. exf6 Nxf6 10. O-O Bd6 11. f4 O-O 12. Nf3 Qb6 13. Kh1 Bd7 14. a3 Rac8 15.
b4 Ne7 16. Ng3 Nf5 17. Bxf5 exf5 18. Ne5 Bb5 19. Re1 Ne4 20. Nxe4 fxe4 21. Be3
Rc3 22. Qg4 Bxe5 23. fxe5 Rxe3 24. Rxe3 Qxd4 25. Qe6+ Kh8 26. Ree1 e3 27. Rad1
e2 28. Qe7 Qf2 29. Qxf8+ Qxf8 30. Rc1 Qf1+ 31. Rxf1 exf1=Q+ 32. Rxf1 Bxf1 33.
Kg1 Bc4 34. Kf2 Kg8 0-1

[Event "VIII Festival A"]
[Site "Porto San Giorgio ITA"]
[Date "1995.08.21"]
[Round "2"]
[White "Marinelli, Tullio"]
[Black "Parrella, Alfredo"]
[Result "0-1"]
[WhiteElo "2425"]
[BlackElo "2200"]
[PlyCount "77"]
[EventDate "1996.08.20"]

1. d4 d5 2. c4 e6 3. Nf3 Nf6 4. Bg5 Be7 5. e3 h6 6. Bxf6 Bxf6 7. Nc3 O-O 8. Rc1
c6 9. b3 Nd7 10. Bd3 a6 11. O-O b6 12. Qe2 Bb7 13. Rfd1 Qb8 14. e4 dxc4 15.
bxc4 e5 16. d5 Be7 17. Qb2 cxd5 18. cxd5 Rc8 19. Be2 b5 20. g3 Bc5 21. Bf1 Qd6
22. Qe2 Re8 23. Bh3 Nf6 24. Nb1 Bc8 25. Bxc8 Raxc8 26. h3 Nd7 27. Nbd2 Ba3 28.
Rxc8 Rxc8 29. Nb3 Bb4 30. Rc1 Rxc1+ 31. Nxc1 Qc7 32. Nd3 Bd6 33. Nfe1 g6 34.
Kf1 Qc4 35. f3 Kg7 36. Qc2 Qxc2 37. Nxc2 a5 38. Ke2 f5 39. Na3 0-1

[Event "VIII Festival A"]
[Site "Porto San Giorgio ITA"]
[Date "1995.08.21"]
[Round "2"]
[White "Negrini, Claudio"]
[Black "Rotstein, Arkadij"]
[Result "1/2-1/2"]
[WhiteElo "2310"]
[BlackElo "2475"]
[PlyCount "107"]
[EventDate "1996.08.20"]

1. e4 c5 2. Nf3 Nc6 3. c4 g6 4. d4 cxd4 5. Nxd4 Bg7 6. Nc2 Nh6 7. Bd2 f5 8. Bc3
O-O 9. Bd3 d6 10. O-O f4 11. Be2 Nf7 12. Bxg7 Kxg7 13. Nd2 Nfe5 14. Nf3 Nxf3+
15. Bxf3 Ne5 16. Qd4 Qc7 17. b3 b6 18. Ne1 Qc5 19. Rd1 g5 20. h3 Kg6 21. Qc3
Be6 22. Bg4 Bxg4 23. hxg4 Nxg4 24. Rd5 Qc8 25. Nf3 h6 26. e5 dxe5 27. Nxe5+
Nxe5 28. Rxe5 f3 29. Qd3+ Kh5 30. Qe4 Qg4 31. Qxg4+ Kxg4 32. Rxe7 h5 33. Rd1
fxg2 34. Kxg2 Rf4 35. Rd3 Raf8 36. Rg3+ Kf5 37. Rge3 h4 38. f3 Rd4 39. Re2 a5
40. R7e6 Rf6 41. R6e5+ Kg6 42. Rb5 Rd3 43. Ree5 Rfxf3 44. Rxg5+ Kf6 45. Rgd5
Rg3+ 46. Kf2 Rgf3+ 47. Kg2 h3+ 48. Kg1 Rg3+ 49. Kh1 Rxd5 50. Rxb6+ Ke5 51. cxd5
Rd3 52. Rb5 Rxd5 53. Rxd5+ Kxd5 54. a3 1/2-1/2

[Event "VIII Festival A"]
[Site "Porto San Giorgio ITA"]
[Date "1995.08.21"]
[Round "2"]
[White "Sebastianelli, Diego"]
[Black "Giaccio, Alfredo Gustavo"]
[Result "1/2-1/2"]
[WhiteElo "2305"]
[BlackElo "2465"]
[PlyCount "151"]
[EventDate "1996.08.20"]

1. e4 e6 2. d4 d5 3. Nc3 Bb4 4. e5 c5 5. a3 Bxc3+ 6. bxc3 Nc6 7. h4 Qa5 8. Bd2
Qa4 9. Nf3 f6 10. Bd3 c4 11. Bf1 Bd7 12. g3 O-O-O 13. Bh3 Re8 14. O-O h6 15. h5
f5 16. Nh4 Nge7 17. Bg2 Reg8 18. Bf3 Be8 19. Kg2 Nd8 20. Bf4 Qa5 21. Qd2 Ba4
22. Rh1 a6 23. Kf1 Rf8 24. Ke2 Rf7 25. Rhg1 Rhf8 26. Ra2 Ndc6 27. Qe1 Na7 28.
Bd2 Nb5 29. Kf1 Kd7 30. Ng2 Rc8 31. Nf4 Rc6 32. Kg2 Rb6 33. Qe3 Nc7 34. Rc1 Rb5
35. Nd3 cxd3 36. c4 Qb6 37. cxb5 dxc2 38. bxa6 bxa6 39. Bb4 f4 40. Qd2 fxg3 41.
Raxc2 Bxc2 42. Qxc2 Nf5 43. Bc5 Qc6 44. Bg4 gxf2 45. Qxf2 Nd6 46. exd6 Rxf2+
47. Kxf2 Nb5 48. Re1 Nxd4 49. Bxd4 Qc4 50. Bxe6+ Kxd6 51. Ba7 Qh4+ 52. Kf1 Qxh5
53. Bb8+ Kc5 54. Ba7+ Kb5 55. Bf2 Ka4 56. Re3 d4 57. Bd7+ Ka5 58. Rd3 Kb6 59.
Rxd4 Kc7 60. a4 Qh1+ 61. Ke2 Qh5+ 62. Bg4 Qe5+ 63. Kf3 Qf6+ 64. Kg2 Qc6+ 65.
Bf3 Qc2 66. Rb4 Kd8 67. Rb8+ Ke7 68. Rb7+ Kf8 69. Rb4 a5 70. Re4 g6 71. Rd4 Kf7
72. Be4 Qb2 73. Bc6 h5 74. Bb5 g5 75. Rd5 Kf6 76. Rd6+ 1/2-1/2

[Event "VIII Festival A"]
[Site "Porto San Giorgio ITA"]
[Date "1995.08.21"]
[Round "2"]
[White "Sedina, Elena"]
[Black "Sermek, Drazen"]
[Result "0-1"]
[WhiteElo "2345"]
[BlackElo "2550"]
[PlyCount "92"]
[EventDate "1996.08.20"]

1. e4 c5 2. Nf3 e6 3. d3 Nc6 4. g3 g6 5. d4 cxd4 6. Nxd4 d5 7. Nb5 a6 8. exd5
exd5 9. N5c3 d4 10. Ne4 Nf6 11. Nxf6+ Qxf6 12. Qe2+ Be6 13. Nd2 Bb4 14. Bg2 O-O
15. O-O Rae8 16. Ne4 Qg7 17. a3 Be7 18. Bf4 g5 19. Bd6 Bd5 20. Bxe7 Rxe7 21.
Qd3 Ne5 22. Qd2 Bxe4 23. Bxe4 Nc4 24. Bxh7+ Kh8 25. Qb4 Rc7 26. Bd3 a5 27. Qb5
Ne5 28. Qxa5 b6 29. Qb4 g4 30. f4 Nf3+ 31. Kh1 Re8 32. Rf2 Rce7 33. Bf1 Qf6 34.
h4 Re3 35. Bg2 Nxh4 36. gxh4 g3 37. Rd2 Re1+ 38. Rxe1 Rxe1+ 39. Bf1 Rxf1+ 40.
Kg2 Rxf4 41. Qb5 Rxh4 42. Qe8+ Kh7 43. Re2 Rh2+ 44. Kg1 Rh1+ 45. Kg2 Qf1+ 46.
Kxg3 Rh3+ 0-1

[Event "VIII Festival A"]
[Site "Porto San Giorgio ITA"]
[Date "1995.08.21"]
[Round "2"]
[White "Vukovic, Zdravko"]
[Black "Bellia, Fabrizio"]
[Result "1-0"]
[WhiteElo "2475"]
[BlackElo "2335"]
[PlyCount "105"]
[EventDate "1996.08.20"]

1. e4 e5 2. Nf3 Nc6 3. d4 exd4 4. Nxd4 Nf6 5. Nxc6 bxc6 6. e5 Qe7 7. Qe2 Nd5 8.
c4 Ba6 9. Nd2 Nb6 10. b3 O-O-O 11. Bb2 d5 12. exd6 Qxe2+ 13. Bxe2 cxd6 14.
O-O-O f6 15. Rhe1 d5 16. cxd5 Bxe2 17. Rxe2 Nxd5 18. Ne4 Bd6 19. Nxd6+ Rxd6 20.
Rd4 Rhd8 21. Rc4 Kb7 22. Ba3 R6d7 23. Re6 Rc8 24. Bc5 Nb6 25. Rg4 Nd5 26. Rh4
h6 27. Ra4 Nb6 28. Rd4 Nd5 29. h4 h5 30. Ra4 Nb6 31. Rae4 Rcd8 32. Re7 Nd5 33.
Rxd7+ Rxd7 34. Kc2 a6 35. Re8 Nf4 36. g3 Nd3 37. Bd4 Nb4+ 38. Kb2 Nd5 39. Bc5
f5 40. Rf8 Nf6 41. Be3 Rd5 42. Kc2 Rd7 43. Bg5 Re7 44. Kd3 Rd7+ 45. Kc2 Rd6 46.
Bxf6 Rxf6 47. Rxf6 gxf6 48. Kd3 Kc7 49. Ke3 Kd6 50. Kf4 Ke6 51. b4 Kd5 52. Kxf5
Kc4 53. g4 1-0

[Event "VIII Festival A"]
[Site "Porto San Giorgio ITA"]
[Date "1995.08.22"]
[Round "3"]
[White "Aleksic, Nenad"]
[Black "Drasko, Milan"]
[Result "0-1"]
[WhiteElo "2425"]
[BlackElo "2500"]
[PlyCount "82"]
[EventDate "1996.08.20"]

1. e4 e6 2. Nf3 d5 3. Nc3 Nf6 4. e5 Nfd7 5. d4 c5 6. dxc5 Nc6 7. Bf4 Nxc5 8.
Bd3 Be7 9. Bg3 Qb6 10. O-O O-O 11. Rb1 Bd7 12. a3 f5 13. exf6 Bxf6 14. Qe2 Be8
15. Ne5 Nd4 16. Qe3 Nxd3 17. cxd3 Rc8 18. Ng4 Bd8 19. Ne5 Nf5 20. Qd2 Qb3 21.
Rbc1 Ba5 22. d4 Bb6 23. Ne2 Bb5 24. Rxc8 Rxc8 25. Rc1 Re8 26. Rc3 Qa2 27. Rc1
Bxe2 28. Qxe2 Nxd4 29. Qh5 Rf8 30. Nd3 Qb3 31. Rc3 Qb5 32. h3 Nf5 33. a4 Qxa4
34. Kh2 Qe4 35. Nc5 Bxc5 36. Rxc5 g6 37. Qd1 h5 38. f3 Qb4 39. Rc7 Nxg3 40. Qc2
Nf5 41. b3 Qf4+ 0-1

[Event "VIII Festival A"]
[Site "Porto San Giorgio ITA"]
[Date "1995.08.22"]
[Round "3"]
[White "Borgo, Giulio"]
[Black "Faraoni, Enrico"]
[Result "1-0"]
[WhiteElo "2375"]
[BlackElo "2160"]
[PlyCount "73"]
[EventDate "1996.08.20"]

1. e4 d6 2. d4 Nf6 3. Nc3 g6 4. Be3 c6 5. f3 Nbd7 6. Qd2 b5 7. g4 Nb6 8. h4 h5
9. g5 Nfd7 10. f4 Bg7 11. O-O-O b4 12. Nb1 a5 13. f5 O-O 14. Nh3 Bb7 15. fxg6
fxg6 16. Nf4 Rxf4 17. Bxf4 c5 18. Be3 Rc8 19. Rh2 cxd4 20. Bxd4 Ne5 21. Qe3
Nbd7 22. Nd2 a4 23. Rg2 Qc7 24. Nf3 Ng4 25. Qe1 b3 26. axb3 axb3 27. Bxg7 bxc2
28. Rd4 Ra8 29. Rc4 Qb6 30. Qb4 Qe3+ 31. Kxc2 Ra1 32. Nd2 Nb6 33. Rxg4 hxg4 34.
Bc3 g3 35. Bh3 Qg1 36. Qb5 Qd1+ 37. Kd3 1-0

[Event "VIII Festival A"]
[Site "Porto San Giorgio ITA"]
[Date "1995.08.22"]
[Round "3"]
[White "Bruno, Fabio"]
[Black "Suppa, Ercole"]
[Result "1-0"]
[WhiteElo "2260"]
[BlackElo "1950"]
[PlyCount "100"]
[EventDate "1996.08.20"]

1. d4 g6 2. Nf3 Bg7 3. g3 d6 4. Bg2 Nf6 5. O-O O-O 6. Nc3 Nbd7 7. h3 c6 8. a4
a5 9. e4 Qc7 10. Bg5 h6 11. Be3 Kh7 12. Qe2 b6 13. Rfe1 Ba6 14. Qd2 b5 15. e5
b4 16. exf6 bxc3 17. Qxc3 Nxf6 18. Nd2 Rfc8 19. Nb3 Bb7 20. Bd2 Nd5 21. Bxd5
cxd5 22. Qxc7 Rxc7 23. Bxa5 Rxc2 24. Bc3 e5 25. a5 Ba6 26. Rad1 Bc4 27. Na1 Re2
28. b3 Rxe1+ 29. Bxe1 Be2 30. Rc1 exd4 31. b4 h5 32. Nb3 Bc4 33. Nd2 Re8 34.
Nf3 d3 35. Bd2 Re2 36. Kg2 Bd4 37. Nxd4 Rxd2 38. b5 Rb2 39. a6 d2 40. Rd1 Ra2
41. f3 Kg7 42. Kf2 Kf6 43. Ke3 Ke5 44. f4+ Kf6 45. Rxd2 Ra3+ 46. Kf2 h4 47.
gxh4 Ra5 48. Rb2 Bxb5 49. Rxb5 Rxa6 50. Rxd5 Ke7 1-0